Vývoj ekonomického myslenia na Slovensku zborník z medzinárodnej konferencie 11. 1. 1996

Salvato in:
Dettagli Bibliografici
Ente Autore: Národohospodárska fakulta EU. Katedra ekonómie
Altri autori: Hontyová, Kajetána, Sivák, Rudolf, 1955-, Lisý, Ján, Gonda, Vladimír
Natura: Libro
Lingua:slovacco
Pubblicazione: Bratislava Vydavateľstvo EKONÓM 1997
Soggetti:
Tags: Aggiungi Tag
Nessun Tag, puoi essere il primo ad aggiungerne!!

MARC

LEADER 00000nam a2200000 4500
001 c117568
005 20240502071317.9
020 |a 80-225-0855-1 
041 0 |a slo 
044 |a SK 
245 1 0 |a Vývoj ekonomického myslenia na Slovensku  |b zborník z medzinárodnej konferencie 11. 1. 1996  |c zostavili: Kajetana Hontyová, Rudolf Sivák, Ján Lisý, Vladimír Gonda 
264 1 |a Bratislava  |b Vydavateľstvo EKONÓM  |c 1997 
300 |a 217 s. 
610 2 0 |a dejiny myslenia ekonomického 
610 2 0 |a myslenie ekonomické 
610 2 0 |a ekonómia 
610 2 0 |a ekonómovia 
610 2 0 |a teórie ekonomické 
610 2 0 |a modely ekonomicko-matematické 
610 2 0 |a veda ekonomická 
610 2 0 |a Slovensko 
610 2 0 |a škola a prax 
700 1 |a Hontyová, Kajetána 
700 1 |a Sivák, Rudolf, 1955- 
700 1 |a Lisý, Ján 
700 1 |a Gonda, Vladimír 
710 2 |a Národohospodárska fakulta EU. Katedra ekonómie